000 00373nam a22001577a 4500
003 SGT
020 _a9788175346468
082 _a347.90954,KWA
100 _aKWATRA,G.K
245 _aARBITRATION AND CONCILIATION LAW OF INDIA
250 _a7TH
260 _aNEW DELHI
_bUNIVERSAL BOOKS
_c2014
300 _a1018
650 _aARBITRATION AND CONCILIATION
942 _2ddc
_cBK
999 _c9710
_d9710